Largest Towns in Örebro län - Statistics

General Stats
  • This quiz has been taken 39 times
  • The average score is 8 of 20
Answer Stats
Population Town % Correct
126,604 Örebro
100%
17,264 Kumla
82%
8,525 Hallsberg
71%
27,714 Karlskoga
61%
3,203 Laxå
54%
6,653 Nora
50%
4,195 Askersund
46%
9,745 Lindesberg
46%
7,281 Degerfors
43%
4,459 Hällefors
43%
2.559 Frövi
29%
2,900 Kopparberg
29%
1,929 Storå
29%
2,422 Fjugesta
25%
2,782 Hovsta
21%
2,148 Ekeby-Almby
18%
1,550 Garphyttan
18%
2,994 Vintrosa
18%
1,465 Åsbro
7%
1,643 Pålsboda
7%
No matching quizzes found
Score Distribution
Percent of People with Each Score
Percentile by Number Answered
Your Score History
You have not taken this quiz